If You Wanna - Vaccines (All Lyris) - Statistics

General Stats
  • This quiz has been taken 7 times
  • The average score is 234 of 267
Answer Stats
Lyrics % Correct
alright
100%
back
100%
come
100%
I
100%
if
100%
it
100%
it's
100%
me
100%
the
100%
to
100%
wanna
100%
you
100%
all
75%
another
75%
as
75%
but
75%
day
75%
do
75%
don't
75%
face
75%
fact
75%
friends
75%
got
75%
guy
75%
in
75%
is
75%
I've
75%
like
75%
may
75%
morning
75%
much
75%
my
75%
not
75%
say
75%
see
75%
so
75%
stay
75%
that
75%
that's
75%
up
75%
wake
75%
want
75%
well
75%
what
75%
with
75%
alone
50%
am
50%
be
50%
can't
50%
couple
50%
give
50%
independently
50%
make
50%
months
50%
on
50%
or
50%
own
50%
then
50%
things
50%
okay
25%
you'll
25%
No matching quizzes found
Score Distribution
Percent of People with Each Score
Percentile by Number Answered
Your Score History
You have not taken this quiz